|
|
|
|
| LEADER |
00000nam a22000007a 4500 |
| 005 |
20191016213255.0 |
| 007 |
cr|||| ||| |
| 008 |
191016c20109999br fr|w s|||| 0|||b1por d |
| 022 |
|
|
|a 2236-0859
|
| 035 |
|
|
|a 22777
|
| 040 |
|
|
|a vLex
|
| 090 |
|
|
|c 9853
|d 9853
|
| 245 |
0 |
0 |
|a Revista Direito & Desenvolvimento
|h [Recurso electrn̤ico] /
|
| 256 |
|
|
|a Servicio en ln̕ea
|
| 260 |
|
|
|a Joô Pessoa:
|b Centro Universitr̀io de Joao Pessoa (UNIPE),
|c 2010 -
|
| 300 |
|
|
|a 1 recurso electrn̤ico
|
| 310 |
|
|
|a Semestral
|
| 362 |
|
|
|a Nð 1 (Jun. 2010) -
|
| 506 |
1 |
|
|a Disponible solo en los productos indicados
|d vLex Global
|d vLex Global (Academic Edition, excluding Law Schools)
|d vLex Global (U.S. Academic Edition, Law Schools)
|d vLex Global (U.S. Academic Edition, excluding Law Schools)
|d vLex Global (Academic Edition, Law Schools)
|
| 650 |
0 |
4 |
|a Derecho Mercantil y de la Empresa
|z Brasil
|
| 650 |
0 |
4 |
|a Derecho Laboral y Seguridad Social
|z Brasil
|
| 650 |
0 |
4 |
|a Derecho Pb︢lico y Administrativo
|z Brasil
|
| 740 |
0 |
|
|a vLex Revistas (Servicio en ln̕ea)
|
| 856 |
4 |
0 |
|u http://vlex.com/source/revista-direito-desenvolvimento-22777
|z Acceso restringido
|
| 942 |
|
|
|c REV
|
| 999 |
0 |
|
|a Commercial and Business Law
|
| 999 |
0 |
|
|a Labor Law and Social Security
|
| 999 |
0 |
|
|a Public and Administrative Law
|